000 00748nam a2200205 a 4500
001 000041920
005 20201002035830.0
008 120321s1985 sp bf 000 0 spa d
020 _a8400061225
040 _aDO-SdBNP
_bspa
_cBNPHU
082 _axxx
_bxxxx
100 1 _aGuitian Ojea, F.
_963698
245 1 0 _aSuelos naturales de Asturias /
_cF. Guitian Ojea, M. Muñoz Taboadela, T. Carballas Fernández, Alberto Jimenez.
260 _aSantiago de Compostela, España :
_bConsejo Superior de Investigaciones Científicas,
_c1985.
300 _a122 p. :
_bmapa, lam. ;
_c24 cm.
504 _aBibliografía p: 116-122
700 1 _aMuñoz Taboadela, M.
_963700
700 1 _aCarballas Fernández, T.
_963699
700 1 _aJimenez, F. Alberto
_968822
999 _c41409
_d41409